Oscar Winners- Best Picture - Statistics

General Stats
  • This quiz has been taken 30 times
  • The average score is 10 of 16
Answers on the Grid
Answers color-coded by a green-red scale on the quiz's grid according to % correct below.
Monsters Inc (2001)
Raiders of The Lost Ark (1981)
The French Connection (1972)
The Hurt Locker (2008)
Butch Cassidy and The Sundance Kid (1969)
Enter The Dragon (1973)
Return of The King (2003)
Gone With The Wind (1939)
Saving Private Ryan (1998)
The Apartment (1960)
Conclave (2024)
One Flew Over The Cuckoo's Nest (1975)
When Harry Met Sally (1989)
Casablanca (1942)
The Wizard of Oz (1939)
Brokeback Mountain (2006)
Out of Africa (1983)
Dances With Wolves (1990)
The Shawshank Redemption (1994)
Rocky (1976)
Oppenheimer (2023)
La La Land (2015)
The Godfather (1972)
Rain Man (1988)
Up (2009)
Titanic (1997)
Young Frankenstein (1974)
My Fair Lady (1964)
12 Years A Slave (2012)
Apocolypse Now (1979)
 
Answer Stats
Answer % Correct
Gone With The Wind (1939)
78%
The French Connection (1972)
78%
The Godfather (1972)
78%
Casablanca (1942)
67%
One Flew Over The Cuckoo's Nest (1975)
67%
Oppenheimer (2023)
67%
Return of The King (2003)
67%
The Hurt Locker (2008)
67%
Titanic (1997)
67%
12 Years A Slave (2012)
56%
Dances With Wolves (1990)
56%
Out of Africa (1983)
56%
Rocky (1976)
56%
My Fair Lady (1964)
44%
Rain Man (1988)
44%
The Apartment (1960)
44%
No matching quizzes found
Score Distribution
Percent of People with Each Score
Percentile by Number Answered
Your Score History
You have not taken this quiz